Associated British Ports v Hampshire County Council & Ors (Record no. 80532)

MARC details
000 -LEADER
fixed length control field 02597cad a22002895a 4500
001 - CONTROL NUMBER
control field L144654
008 - FIXED-LENGTH DATA ELEMENTS--GENERAL INFORMATION
fixed length control field 080804e20080704xxk f v 000 0 eng d
035 ## - SYSTEM CONTROL NUMBER
System control number (Sirsi) u144654
041 0# - LANGUAGE CODE
Language code of text/sound track or separate title eng
245 00 - TITLE STATEMENT
Title Associated British Ports v Hampshire County Council & Ors
Medium [electronic resource]
260 ## - PUBLICATION, DISTRIBUTION, ETC.
Date of publication, distribution, etc. 2008
520 ## - SUMMARY, ETC.
Summary, etc. [2008] EWHC 1540 (Admin), 4 July 2008. An inspector should have found that the parts of the Hampshire minerals and waste core strategy relating to wharves did not satisfy the requirements of the Planning and Compulsory Purchase Act 2004. Several considerations that contributed to his decision not to recommend safeguarding land at Dibden Bay from development should not have been relied on and this in turn undermined the modifications he recommended to making parts of the core strategy sound. Claimant port operator (P) claimed that the local core strategy was not sound. P held that, while the strategy found a need for crushed rock, it didn't identify Dibden Bay as a possible location. The inspector involved had relied wrongly on considerations that land at Dibden Bay need not be safeguarded from inappropriate development and procedural shortcomings were also alleged, with P not being told of several relevant documents. Held: core strategy did not follow guidance in PPS12 that required Hampshire's crushed rock needs to be met. By putting off this question the core strategy also ended up neglecting the requirement of PPS12 to plan for at least the next 10 years. Final findings that while there had been a failure to comply with the procedural requirement to act fairly, the failure would not have affected the inspector's report and did not substantially prejudice P.
590 ## - LOCAL NOTE (RLIN)
Local note KA
650 24 - SUBJECT ADDED ENTRY--TOPICAL TERM
Topical term or geographic name entry element PLANNING AND COMPULSORY PURCHASE ACT 2004
650 24 - SUBJECT ADDED ENTRY--TOPICAL TERM
Topical term or geographic name entry element PLANNING POLICY STATEMENT 12
650 24 - SUBJECT ADDED ENTRY--TOPICAL TERM
Topical term or geographic name entry element R V SECRETARY OF STATE FOR THE ENVIRONMENT EX PARTE SLOT
650 24 - SUBJECT ADDED ENTRY--TOPICAL TERM
Topical term or geographic name entry element TOWN AND COUNTRY PLANNING ACT 1990 S262(1)
650 24 - SUBJECT ADDED ENTRY--TOPICAL TERM
Topical term or geographic name entry element TOWN AND COUNTRY PLANNING (LOCAL DEVELOPMENT) (ENGLAND) REGULATIONS 2004 (SI 2204/2004)
650 24 - SUBJECT ADDED ENTRY--TOPICAL TERM
Topical term or geographic name entry element ASSOCIATED BRITISH PORTS V HAMPSHIRE COUNTY COUNCIL AND ORS
650 24 - SUBJECT ADDED ENTRY--TOPICAL TERM
Topical term or geographic name entry element CARPETS OF WORTH LTD V WYRE FOREST DISTRICT COUNCIL
650 24 - SUBJECT ADDED ENTRY--TOPICAL TERM
Topical term or geographic name entry element HARBOUR DOCKS AND PIERS CLAUSES ACT 1847
650 24 - SUBJECT ADDED ENTRY--TOPICAL TERM
Topical term or geographic name entry element MINERALS POLICY STATEMENT 1: PLANNING AND MATERIALS
651 #4 - SUBJECT ADDED ENTRY--GEOGRAPHIC NAME
Geographic name England and Wales
Chronological subdivision 1543-
690 ## - LOCAL SUBJECT ADDED ENTRY--TOPICAL TERM (OCLC, RLIN)
Topical term or geographic name as entry element PROPERTY-PROPERTY APPRAISAL AND VALUATION-COMPENSATION VALUATION
856 48 - ELECTRONIC LOCATION AND ACCESS
Uniform Resource Identifier <a href="https://www.bailii.org/ew/cases/EWHC/Admin/2008/1540.html">https://www.bailii.org/ew/cases/EWHC/Admin/2008/1540.html</a>
Public note View the item free of charge online at www.bailii.org...
942 ## - ADDED ENTRY ELEMENTS (KOHA)
Suppress in OPAC 0
Holdings
Withdrawn status Lost status Source of classification or shelving scheme Damaged status Not for loan Home library Current library Shelving location Date acquired Total Checkouts Full call number Barcode Date last seen Copy number Price effective from Koha item type
    Dewey Decimal Classification     Virtual Virtual Online 04/08/2008   ONLINE PUBLICATION 144654-1001 06/08/2019 1 06/08/2019 Law report